000 01314 a2200229 4500
001 53331
005 20260407155807.0
008 260407a2010 arg spa d
003 AR-UNSa-BCEJYS
040 _aAR-UNSa-BCEJYS
_bspa
_cAR-UNSa-BCEJYS
080 _a347.633
_xAdopción. Adrogación. Tutela no oficial
245 1 0 _aAdopción siglo XXI
_pLeyes y deseos
020 _a978-950-07-3217-8
264 1 _aBuenos Aires :
_bSudamericana
_c2010
300 _a255 p.
_c23 cm.
505 _a1. "Tengo mucho amor para dar" - 2. El nombre de la madre de origen - 3. ¿Madre abandonante? - 4. Ritos de pasaje - 5. Identidad y filiación - 6. La ley y la discriminación de los hijos adopotivos - 7. Adopción de niños mayores y el miedo a la devolución - 8. Adopción internacional:Países proveedores y países receptores - 9. Las "guardas puestas" y el tráfico con niños - 10. Relación de los futuros adoptantes con la madre de origen - 11. Tardanzas, suspensos y esperas en adopción - 12. Algunos adolescentes adoptivos - 13. Adopciones monoparentales - 14. La adopción como especialidad
041 _aspa
942 _cBK
590 _aniveau_biblio:m niveau_hierar:0
100 1 _aGiberti, Eva
856 4 1 _uhttps://www.biblioeco.unsa.edu.ar/pmb/images/libros/L128417.jpg
_yImagen de portada
_qimage/jpeg
999 _c5187
_d5187